000
00343 a2200157 4500
001
73710
020
_a
8588543-06-0
040
_c
Anchieta - Colégio São Paulo
100
_a
Andrade, Costa
240
1
0
_a
Poesia Comarmas
_l
por
245
1
0
_a
Poesia Comarmas
300
_a
175
362
0
_a
2004
650
4
_a
Poesia brasileira
942
_c
BK
999
_c
73710
_d
73710